[Event "IECC CL6-2004.03 email"]
[Site "IECC email"]
[Date "2004.01.24"]
[Round "?"]
[White "Gilliam, Domenic"]
[Black "Alexander, Ross"]
[Result "1-0"]
[WhiteElo "1273"]
[BlackElo "1207"]
[PlyCount "45"]
[EventDate "2004.??.??"]
[EventType "tourn (corr)"]
[EventRounds "4"]
[SourceTitle "Corr 2008"]
[Source "ChessBase"]
[SourceDate "2008.06.24"]
[SourceVersion "1"]
[SourceVersionDate "2008.06.24"]
[SourceQuality "1"]

1. Nc3 e5 2. Nf3 d6 3. d4 Nc6 4. dxe5 dxe5 5. Qxd8+ Kxd8 6. Bg5+ f6 7. 0-0-0+ Ke8 8. Nb5 Bd6 9. Be3 a6 10. Nxd6+ cxd6 11. Rxd6 Bf5 12. Nh4 Nge7 13. g4 Bxg4 14. Rg1 Nc8 15. Rxc6 bxc6 16. Rxg4 Ne7 17. Rxg7 Rd8 18. Bc5 Nd5 19. e4 Nf4 20. Re7+ Kf8 21. Nf5 Rb8 22. Bc4 a5 23. Rxe5# 1-0

[Event "IECG TE.2002.P.01115 email"]
[Site "IECG email"]
[Date "2003.11.14"]
[Round "?"]
[White "Malmstroem, Jan"]
[Black "Gilliam, Domenic"]
[Result "1-0"]
[WhiteElo "1928"]
[BlackElo "800"]
[PlyCount "21"]
[EventDate "2002.12.30"]
[EventType "tourn (corr)"]
[EventRounds "12"]
[SourceTitle "Corr 2008"]
[Source "ChessBase"]
[SourceDate "2008.06.24"]
[SourceVersion "1"]
[SourceVersionDate "2008.06.24"]
[SourceQuality "1"]

1. d4 Nf6 2. c4 c5 3. d5 e6 4. Nc3 exd5 5. cxd5 Be7 6. d6 Bf8 7. Nf3 Qb6 8. e4 Qd8 9. e5 Ng4 10. Bc4 Nc6 11. Nb5 1-0

[Event "IECG CP.2002.P.00064 email"]
[Site "IECG email"]
[Date "2002.10.01"]
[Round "?"]
[White "Manis, Jose"]
[Black "Gilliam, Domenic"]
[Result "0-1"]
[WhiteElo "1473"]
[BlackElo "800"]
[PlyCount "68"]
[EventDate "2002.10.01"]
[EventType "tourn (corr)"]
[EventRounds "6"]
[EventCountry "ENG"]
[SourceTitle "Corr 2008"]
[Source "ChessBase"]
[SourceDate "2008.06.24"]
[SourceVersion "1"]
[SourceVersionDate "2008.06.24"]
[SourceQuality "1"]

1. c4 e5 2. g3 Nf6 3. Bg2 d5 4. cxd5 Nxd5 5. Nc3 Be6 6. Nf3 Nc6 7. 0-0 Be7 8. d4 exd4 9. Nb5 0-0 10. Nfxd4 Nxd4 11. Nxd4 c6 12. e4 Nc7 13. Nxe6 Nxe6 14. Qh5 Qb6 15. b3 Bf6 16. Rb1 Bd4 17. Bd2 Rfe8 18. Rbd1 Nc5 19. Qg4 a5 20. h3 Rad8 21. Bh6 Ne6 22. Bd2 g6 23. Bh6 Qb5 24. Rd2 Bg7 25. Be3 Rxd2 26. Bxd2 a4 27. bxa4 Qxa4 28. Be3 Qxa2 29. Rd1 c5 30. Rd7 b5 31. Rb7 b4 32. Qf3 Nd4 33. Bxd4 Bxd4 34. h4 Rd8 0-1

[Event "IECG CN.2002.0.00303 email"]
[Site "IECG email"]
[Date "2002.08.08"]
[Round "?"]
[White "Gilliam, Domenic"]
[Black "Slavik, Petr"]
[Result "0-1"]
[WhiteElo "800"]
[BlackElo "854"]
[PlyCount "64"]
[EventDate "2002.08.08"]
[EventType "tourn (corr)"]
[EventRounds "6"]
[SourceTitle "Corr 2008"]
[Source "ChessBase"]
[SourceDate "2008.06.24"]
[SourceVersion "1"]
[SourceVersionDate "2008.06.24"]
[SourceQuality "1"]

1. e4 e5 2. Nf3 Nc6 3. Bc4 Nf6 4. Nc3 Nxe4 5. Nxe4 d5 6. Bb5 dxe4 7. Nxe5 Qg5 8. Nxc6 Qxb5 9. Nd4 Qg5 10. Kf1 Bg4 11. d3 Qg6 12. f3 0-0-0 13. Be3 Bc5 14. dxe4 Bxd4 15. Bxd4 c5 16. fxg4 Qxe4 17. c3 cxd4 18. Qf3 Qxf3+ 19. gxf3 dxc3 20. Rc1 Rd2 21. Rxc3+ Kb8 22. Rg1 Rxb2 23. Rg2 Rxg2 24. Kxg2 Rc8 25. Re3 b5 26. Re2 Kb7 27. f4 a5 28. Kf3 Kb6 29. f5 Rc3+ 30. Kf4 b4 31. g5 Rc4+ 32. Kg3 a4 0-1

[Event "IECC KO email"]
[Site "IECC email"]
[Date "2002.05.31"]
[Round "?"]
[White "Gilliam, Domenic"]
[Black "Meetze, Bill"]
[Result "1/2-1/2"]
[WhiteElo "1244"]
[BlackElo "1365"]
[PlyCount "122"]
[EventDate "2002.??.??"]
[EventType "tourn (corr)"]
[EventRounds "6"]
[SourceTitle "Corr 2008"]
[Source "ChessBase"]
[SourceDate "2008.06.24"]
[SourceVersion "1"]
[SourceVersionDate "2008.06.24"]
[SourceQuality "1"]

1. Nc3 d5 2. e3 Nf6 3. d4 e6 4. Nf3 Bd7 5. Bd3 Bb4 6. Bd2 0-0 7. 0-0 Nc6 8. Re1 Qe7 9. e4 Bxc3 10. Bxc3 dxe4 11. Bxe4 Nxe4 12. Rxe4 f5 13. Re3 Rad8 14. Qe2 f4 15. Re4 Qd6 16. Re1 Qd5 17. a3 Qh5 18. Bd2 Qh6 19. h4 Bc8 20. g3 e5 21. dxe5 Bg4 22. Bxf4 Qg6 23. Qe3 Bf5 24. Rc4 Be6 25. Rc3 Ne7 26. Qe4 Qxe4 27. Rxe4 Nd5 28. Rc5 b6 29. Rc6 Bd7 30. Rcc4 Bb5 31. Rcd4 c5 32. Rd2 Bc6 33. c4 Nc3 34. Re1 Bxf3 35. Rxd8 Rxd8 36. bxc3 Rd1 37. Rxd1 Bxd1 38. e6 Bg4 39. Bb8 a5 40. Bc7 Bxe6 41. Bxb6 a4 42. Bxc5 Kf7 43. Kg2 Bxc4 44. Kf3 Ke6 45. Ke4 Kd7 46. f4 Kc6 47. Kd4 Be6 48. h5 Bg4 49. Bf8 g6 50. hxg6 hxg6 51. c4 Bc8 52. Kc3 Bg4 53. Kb4 Be2 54. Bc5 Bg4 55. Be7 Kd7 56. Bf8 Bd1 57. Kc5 Be2 58. Bg7 Bf3 59. Kb6 Kd6 60. c5+ Kd7 61. Bd4 Be4 1/2-1/2

[Event "IECC KO email"]
[Site "IECC email"]
[Date "2002.05.31"]
[Round "?"]
[White "Meetze, Bill"]
[Black "Gilliam, Domenic"]
[Result "1-0"]
[WhiteElo "1344"]
[BlackElo "1249"]
[PlyCount "125"]
[EventDate "2002.??.??"]
[EventType "tourn (corr)"]
[EventRounds "6"]
[SourceTitle "Corr 2008"]
[Source "ChessBase"]
[SourceDate "2008.06.24"]
[SourceVersion "1"]
[SourceVersionDate "2008.06.24"]
[SourceQuality "1"]

1. c4 Nf6 2. d4 d5 3. cxd5 Nxd5 4. Nf3 e6 5. e4 Nb6 6. Nc3 Be7 7. Be2 0-0 8. 0-0 Nc6 9. Be3 Bd7 10. d5 Nb8 11. Qc2 exd5 12. exd5 g6 13. Bh6 Re8 14. Rad1 Bf5 15. Qb3 N8d7 16. Rfe1 Nc5 17. Qb5 a6 18. Qa5 Qd6 19. Be3 Rad8 20. Rd4 Bf6 21. Bf4 Qf8 22. Bxc7 Bxd4 23. Bxb6 Bxc3 24. bxc3 Rc8 25. c4 Bg4 26. Qd2 Bxf3 27. gxf3 f5 28. Rb1 Qg7 29. Rd1 Qe7 30. Bf1 Nd7 31. Bd4 Qd6 32. Qh6 Ne5 33. Be2 Re7 34. Rc1 Qa3 35. Rc3 Qxa2 36. Re3 Qd2 37. d6 Qxd4 38. dxe7 Re8 39. f4 Nc6 40. Qh4 Qc5 41. Bf3 Qxc4 42. Qf6 Qf7 43. Qd6 Nxe7 44. Bxb7 a5 45. Qc7 a4 46. Qd7 Kf8 47. Qd6 h6 48. Bc6 Rc8 49. Bxa4 Rc1+ 50. Bd1 Rb1 51. Qd3 Rb8 52. Bb3 Qf6 53. Qd7 Qa1+ 54. Kg2 Qf6 55. Be6 Ra8 56. h3 Qa1 57. Bc4 Qg7 58. Re5 h5 59. h4 Rb8 60. Rb5 Re8 61. Qd6 Qh8 62. Rb7 Qc3 63. Bb5 1-0